000
00273nam a22000977a 4500
999
_c
58122
_d
58119
082
_a
R/3ME14
100
_a
Abrar Rasool
245
_a
Performance Analysis Of Multi-Stage Steam Turbine 9.8MW At Habib suger Mills nawabshah
260
_a
nawabshah
_b
Quest
_c
2017
942
_c
THESIS